01288nam a2200205 i 4500001000700000003000900007005001700016008004100033080000700074100003500081245026100116260004700377300007000424505034000494546003800834650002200872700009300894700003000987852006501017157773ES-MaACL20250930063137.0931025s1788 sp f |||| | spa d a580 aLinné, Carl von, d1707-177810aParte práctica de botánica / cdel caballero Cárlos Linneo ; que comprehende las clases, órdenes, géneros, especies y variedades de las plantas... ; traducida del latin en castellano e ilustrada por Don Antonio Paláu y Verdéra... ; tomo VIII. aEn Madrid : ben la Imprenta Real, c1788. a[4], 782 [i.e. 482], CLXXVIII p., [2] h. pleg. de lám. ; c8º.8 aContiene: Explicacion del sistéma botánico del caballero Cárlos Linneo... / por Mr. Antonio Gouan, p. I-CXXV . Conclusiones publicas de botánica que... defendieron... Pedro Perez del Carmen..., Jayme Miralles..., Joseph Garriga... y don Antonio Caiña... baxo la direccion de... Antonio Paláu y Verdéra, p. CXXVII-CLXXVIII aTexto paralelo latín-español. 7aBotánica2embne1 aGouan, Antoine. tExplicacion del sistéma Botánico del Caballero Cárlos Linneo ...1 aPalau y Verdera, Antonio.4 aES-MaACLjR-2161-69 z- Enc. pasta x Olim G-7070-87